Szybkie liczenie od 1 do 100 - Statystyki

Ogólne statystyki
  • Ten quiz został rozwiązany 188 razy
  • Średni wynik to 73 z 100
Statystyki odpowiedzi
Liczba % Poprawnych
1
100%
2
99%
3
99%
4
99%
5
99%
6
99%
8
99%
9
99%
7
97%
10
94%
12
94%
13
94%
11
92%
14
91%
15
91%
16
91%
18
91%
21
91%
22
91%
17
90%
19
90%
23
90%
20
89%
24
89%
27
89%
25
87%
31
87%
34
87%
26
86%
28
86%
29
86%
32
86%
33
86%
35
85%
30
84%
38
84%
39
84%
41
84%
42
84%
43
84%
44
84%
45
84%
36
82%
40
82%
37
81%
50
80%
46
78%
47
78%
48
78%
49
78%
51
78%
52
77%
53
75%
55
75%
56
75%
54
73%
57
73%
58
71%
59
71%
60
71%
61
71%
67
71%
62
70%
65
70%
66
70%
63
67%
64
66%
68
66%
69
65%
70
62%
71
62%
72
61%
74
59%
78
59%
73
58%
76
58%
79
58%
75
57%
77
57%
80
54%
84
51%
88
51%
83
49%
86
49%
87
49%
89
49%
81
48%
82
48%
85
48%
90
47%
91
42%
92
42%
99
41%
94
38%
93
37%
96
37%
97
37%
95
35%
100
34%
98
33%
Nie znaleziono quizów pasujących do podanych kryteriów
Rozkład punktacji
Procent ludzi z każdym wynikiem
Percentyl według liczby udzielonych odpowiedzi
Twoja historia wyników
Nie rozwiązałeś tego quizu